[Event "Olympiad"]
[Site "Bled SLO"]
[Date "2002.10.28"]
[Round "3"]
[White "Felgaer,R"]
[Black "Nikolic,Pr"]
[Result "0-1"]
[WhiteElo "2509"]
[BlackElo "2661"]

1.e4 e5 2.Nf3 Nc6 3.Bc4 Nf6 4.d3 Be7 5.O-O O-O 6.Re1 d6 7.a4 Na5 8.Ba2 c5
9.Nc3 Nc6 10.h3 Be6 11.Bg5 Ne8 12.Be3 Bxa2 13.Rxa2 Nc7 14.Ra1 d5 15.exd5 Nxd5
16.Bd2 f6 17.Nxd5 Qxd5 18.Bc3 Rac8 19.Nd2 Bd6 20.Nc4 Bc7 21.Ne3 Qf7 22.Qf3 Rfd8
23.Qe4 Rd7 24.Qc4 Qxc4 25.Nxc4 Kf7 26.Kf1 h5 27.Reb1 Bd8 28.b4 cxb4 29.Bxb4 Nxb4
30.Rxb4 Be7 31.Rb5 e4 32.Ke2 exd3+ 33.cxd3 Bc5 34.a5 h4 35.Rab1 Rcc7 36.Rc1 Bd4
37.Rcb1 Kg6 38.R5b3 Re7+ 39.Kf3 Rcd7 40.Ne3 b6 41.axb6 Bxb6 42.Ra1 Re5 43.Ra4 Kh5
44.Rf4 Re6 45.Rf5+ Kh6 46.Nd5 Bd4 47.Rb5 g5 48.g4 hxg3 49.fxg3 Kg6 50.g4 Rh7
51.Kg3 Rc6 52.Nb4 Rc1 53.Rfd5 Rg1+ 54.Kh2 Rxg4  0-1

[Event "Olympiad"]
[Site "Bled SLO"]
[Date "2002.10.30"]
[Round "5"]
[White "Krasenkow,M"]
[Black "Nikolic,Pr"]
[Result "0-1"]
[WhiteElo "2651"]
[BlackElo "2661"]

1.d4 d5 2.c4 c6 3.Nc3 e5 4.dxe5 d4 5.Ne4 Qa5+ 6.Bd2 Qxe5 7.Ng3 Nf6 8.Nf3 Qd6
9.Qc2 Be7 10.O-O-O O-O 11.e3 dxe3 12.Bc3 Qc7 13.fxe3 Na6 14.a3 Ng4 15.Re1 g6
16.b4 Bf6 17.h3 Bxc3 18.Qxc3 Nf2  0-1

[Event "Olympiad"]
[Site "Bled SLO"]
[Date "2002.11.01"]
[Round "7"]
[White "Nikolic,Pr"]
[Black "Vallejo Pons,F"]
[Result "1/2-1/2"]
[WhiteElo "2661"]
[BlackElo "2635"]

1.d4 d6 2.c4 e5 3.Nf3 e4 4.Ng5 f5 5.g3 Be7 6.Nh3 Nf6 7.Bg2 c6 8.d5 Nbd7 9.Nc3 Nb6
10.Qb3 Nfd7 11.f3 exf3 12.exf3 Ne5 13.Qc2 O-O 14.f4 Nexc4 15.b3 Bf6 16.bxc4 Re8+
17.Kf1 Qe7 18.Bd2 Nxc4 19.Nf2 Bxc3 20.Qxc3 Qe2+ 21.Kg1 Nxd2 22.dxc6 Re3 23.Bd5+ Be6
24.Bxe6+ Rxe6 25.cxb7 Rae8 26.Rc1 Ne4 27.Nxe4 Qxe4  1/2-1/2

[Event "Olympiad"]
[Site "Bled SLO"]
[Date "2002.11.02"]
[Round "8"]
[White "Movsesian,S"]
[Black "Nikolic,Pr"]
[Result "1/2-1/2"]
[WhiteElo "2651"]
[BlackElo "2661"]

1.e4 e6 2.d4 d5 3.Nd2 c5 4.Ngf3 a6 5.exd5 exd5 6.dxc5 Bxc5 7.Nb3 Bb6 8.Qe2+ Be6
9.Be3 Nf6 10.Bxb6 Qxb6 11.Nfd4 O-O 12.Rd1  1/2-1/2

[Event "Olympiad"]
[Site "Bled SLO"]
[Date "2002.11.04"]
[Round "9"]
[White "Nikolic,Pr"]
[Black "Azmaiparashvili,Z"]
[Result "1/2-1/2"]
[WhiteElo "2661"]
[BlackElo "2666"]

1.d4 Nf6 2.Nf3 g6 3.g3 d5 4.Bg2 Bg7 5.O-O O-O 6.c3 c6 7.Nbd2 Nbd7 8.Qc2 Re8
9.e4 e5 10.dxe5 dxe4 11.exf6 exf3 12.Nxf3 Nxf6 13.Rd1 Bf5 14.Rxd8 Bxc2 15.Rxa8 Rxa8  1/2-1/2

[Event "Olympiad"]
[Site "Bled SLO"]
[Date "2002.11.05"]
[Round "10"]
[White "Leko,P"]
[Black "Nikolic,Pr"]
[Result "1/2-1/2"]
[WhiteElo "2743"]
[BlackElo "2661"]

1.e4 e5 2.Nf3 Nc6 3.Bb5 a6 4.Ba4 Nf6 5.O-O Be7 6.Re1 b5 7.Bb3 d6 8.c3 O-O
9.h3 Re8 10.d4 Bb7 11.Nbd2 Bf8 12.a4 Qd7 13.axb5 axb5 14.Rxa8 Bxa8 15.d5 Na5
16.Ba2 c6 17.b4 Nb7 18.Nf1 cxd5 19.exd5 Rc8 20.Bg5 Ne8 21.Qd3 f6 22.Bd2 Nd8
23.Ne3 Nf7 24.c4 g6 25.g4 Ng7 26.cxb5 f5 27.Qe2 e4 28.Nh2 Ne5 29.Bb1 Qf7  1/2-1/2

[Event "Olympiad"]
[Site "Bled SLO"]
[Date "2002.11.06"]
[Round "11"]
[White "Nikolic,Pr"]
[Black "Kozul,Z"]
[Result "1/2-1/2"]
[WhiteElo "2661"]
[BlackElo "2565"]

1.d4 g6 2.Nf3 Bg7 3.g3 d5 4.Bg2 Nh6 5.h4 c6 6.c3 Nd7 7.h5 Qb6 8.Qb3 Nf6 9.Ne5 Be6
10.Bf3 gxh5 11.Bf4 Nf5 12.Nd3 Nd6 13.Bxd6 exd6 14.Nd2 Qa6 15.Nf4 O-O-O 16.Nxh5 Nxh5
17.Rxh5 h6 18.e3 Kb8 19.O-O-O Rdg8 20.Nb1 Bf8 21.Rdh1 Rg6 22.Na3 Rf6 23.Qd1 Qb6
24.R5h2 Bf5 25.Be2 Be4 26.Rf1 Qa5 27.g4 Re6 28.Bd3 Bg7 29.Qc2 Rhe8 30.Kb1 Qd8
31.Rh5 Qf6 32.Bxe4 Rxe4 33.Qd1 Qg6 34.Nc2 Rxg4 35.Rfh1 Re6 36.a3 Rf6 37.R5h2 Rf5
38.Ka2 Rfg5 39.Ne1 Rg1 40.Qe2 Qe4 41.Rxg1 Rxg1 42.Nd3 a5 43.a4 c5 44.f3 Qe8
45.b3 Qc8 46.Rg2 Rxg2 47.Qxg2 Bf8 48.Nf4 cxd4 49.cxd4 Qc1 50.Qg8 Qc2+  1/2-1/2

[Event "Olympiad"]
[Site "Bled SLO"]
[Date "2002.11.07"]
[Round "12"]
[White "Ljubojevic,L"]
[Black "Nikolic,Pr"]
[Result "1/2-1/2"]
[WhiteElo "2557"]
[BlackElo "2661"]

1.d4 Nf6 2.c4 e6 3.Nf3 d5 4.Nc3 Be7 5.Bg5 h6 6.Bh4 O-O 7.e3 Ne4 8.Bxe7 Qxe7
9.Rc1 Nxc3 10.Rxc3 c6 11.Be2 Nd7 12.O-O dxc4 13.Rxc4 e5 14.dxe5 Nxe5 15.Nxe5 Qxe5
16.Qd4  1/2-1/2

[Event "Olympiad"]
[Site "Bled SLO"]
[Date "2002.11.08"]
[Round "13"]
[White "Nikolic,Pr"]
[Black "Andersson,U"]
[Result "1/2-1/2"]
[WhiteElo "2661"]
[BlackElo "2599"]

1.d4 Nf6 2.c4 e6 3.Nf3 Bb4+ 4.Bd2 Bxd2+ 5.Qxd2 O-O 6.Nc3 d5 7.e3 Qe7 8.Bd3 dxc4
9.Bxc4 c5 10.O-O Nc6 11.Rfd1 Rd8 12.Qe2 cxd4 13.Nxd4 Bd7 14.Nxc6 Bxc6 15.Bb5 Qc5
16.Bxc6 Qxc6 17.Rxd8+ Rxd8 18.Rd1  1/2-1/2

[Event "Bundesliga 2002-3"]
[Site "Kreuzberg GER"]
[Date "2002.11.16"]
[Round "3"]
[White "Nikolic,Pr"]
[Black "Almasi,Z"]
[Result "1/2-1/2"]
[WhiteElo "2661"]
[BlackElo "2672"]

1.d4 Nf6 2.c4 e6 3.Nf3 b6 4.g3 Ba6 5.Qa4 Bb7 6.Bg2 c5 7.dxc5 bxc5 8.O-O Be7
9.Nc3 O-O 10.Bf4 d6 11.Rfd1 Qb6 12.Rab1 Na6 13.a3 Rac8 14.Qc2 h6 15.e4 Rfd8
16.Qe2 Nd7 17.h4 Ba8 18.Rd3 Nf8 19.Be3 Bf6  1/2-1/2

[Event "Bundesliga 2002-3"]
[Site "Kreuzberg GER"]
[Date "2002.11.17"]
[Round "4"]
[White "Movsesian,S"]
[Black "Nikolic,Pr"]
[Result "1/2-1/2"]
[WhiteElo "2651"]
[BlackElo "2661"]

1.e4 e6 2.d4 d5 3.e5 c5 4.c3 Nc6 5.Nf3 Bd7 6.Be2 Nge7 7.h4 cxd4 8.cxd4 Qb6
9.Na3 Nf5 10.Nc2 Nb4 11.Kf1 h5 12.g3 Bb5 13.Bxb5+ Qxb5+ 14.Kg2  1/2-1/2

[Event "Bundesliga 2002-3"]
[Site "Solingen GER"]
[Date "2002.12.13"]
[Round "7"]
[White "Nikolic,Pr"]
[Black "Macieja,B"]
[Result "1-0"]
[WhiteElo "2661"]
[BlackElo "2615"]

1.d4 Nf6 2.Nf3 e6 3.c4 b6 4.g3 Ba6 5.b3 Bb4+ 6.Bd2 Be7 7.Nc3 O-O 8.Qc2 d5
9.cxd5 Nxd5 10.Nxd5 exd5 11.e3 Bxf1 12.Kxf1 Nd7 13.Qc6 Nf6 14.Kg2 Bd6 15.Rhc1 Qe7
16.b4 Rfc8 17.Rab1 h6 18.Be1 Qe4 19.a4 Ng4 20.Qc2 c5 21.bxc5 bxc5 22.dxc5 Rxc5
23.Qxe4 dxe4 24.Nd4 Rxc1 25.Rxc1 Ne5 26.Ba5 a6 27.Bb6 a5 28.Nc6 Nxc6 29.Rxc6 Bb4
30.g4 Kh7 31.Rc7 Kg8 32.h4 Rb8 33.Rc6 Kh7 34.Kg3 Be1 35.h5 Rb7 36.Kf4 Bxf2
37.Bxa5 Ra7 38.Rc5 Bh4 39.Kxe4 Bg5 40.Kd3 g6 41.e4 Bh4 42.Kc4 Bf2 43.Rd5 f6
44.e5 fxe5 45.Rxe5 Rf7 46.Bd2 Rc7+ 47.Kd3 Rd7+ 48.Ke2 Bd4 49.hxg6+ Kxg6 50.Re6+ Kf7
51.Rxh6 Bg7 52.Ra6 Be5 53.Be3  1-0

[Event "Bundesliga 2002-3"]
[Site "Solingen GER"]
[Date "2002.12.14"]
[Round "5"]
[White "Nielsen,PH"]
[Black "Nikolic,Pr"]
[Result "1/2-1/2"]
[WhiteElo "2620"]
[BlackElo "2661"]

1.d4 d5 2.c4 c6 3.Nf3 Nf6 4.Nc3 a6 5.c5 Nbd7 6.Bf4 g6 7.e3 Nh5 8.Bd3 Bg7
9.O-O O-O 10.Bg5 Re8 11.e4 dxe4 12.Bxe4 Ndf6 13.Bc2 Be6 14.Re1 Nd5 15.Rxe6 fxe6
16.Qe2 Qd7 17.Ne5 Bxe5 18.Qxe5 Rf8 19.Re1 Rf7 20.Bh6 Rd8 21.a3 Ng7 22.g4 Nf6
23.Qg3 Rdf8 24.Rd1 Nd5 25.Qe5 Nxc3 26.bxc3 Qd5 27.Be3 Qa2 28.Qe4 Ne8 29.Rb1 Nf6
30.Qd3 Nd5 31.Bb3 Qxa3 32.Bh6 Rd8 33.Qe4 Qa5 34.Bd2 Qc7 35.Qxe6 Qd7 36.Qxd7 Rxd7
37.Kg2 Rf8 38.Kg3 e6 39.Bh6 Re8 40.Re1 Kf7 41.Bd2 Ra8 42.c4 Nf6 43.Bc3 Rad8
44.Bc2 Rxd4 45.Bxd4 Rxd4 46.Rb1 Rd7 47.g5 Nh5+ 48.Kf3 e5 49.Ke4 Ke6 50.Bd1 Ng7
51.Bg4+ Nf5 52.Kf3 a5 53.h3 h5 54.gxh6 Kf6 55.Ra1 Nd4+ 56.Kg2 Rh7 57.Rxa5 Nb3
58.Ra3 Nxc5 59.Ra5 Ne4 60.Ra7 Nd6 61.c5 Ne4 62.Bf3 Nxc5 63.Bxc6 Rxh6 64.Bd5 Rh8
65.Ra5 b6 66.Rb5 Rb8 67.Kg3 Na6 68.Rb3 b5 69.Rf3+ Kg7 70.Rf7+ Kh6 71.Re7 b4
72.Rxe5 Rb5 73.f4 b3 74.Be4 Rxe5 75.fxe5 Nc5 76.Bb1 b2 77.Kg4 Ne6 78.h4 Nd4
79.Be4 Kg7 80.h5 gxh5+ 81.Kxh5 Kf7 82.Kg4 Ne2 83.Kf3 Nc3 84.Bc2 Ke6 85.Ke3 Kxe5
86.Kd3 Na4  1/2-1/2

[Event "Bundesliga 2002-3"]
[Site "Solingen GER"]
[Date "2002.12.15"]
[Round "6"]
[White "Nikolic,Pr"]
[Black "Hracek,Z"]
[Result "1/2-1/2"]
[WhiteElo "2661"]
[BlackElo "2607"]

1.d4 Nf6 2.Nf3 e6 3.c4 b6 4.g3 Ba6 5.b3 Bb4+ 6.Bd2 Be7 7.Nc3 O-O 8.Qc2 d5
9.cxd5 exd5 10.Bh3 c5 11.O-O Nc6 12.Be3 Nb4 13.Qb2 Ne4 14.Rac1 Bf6 15.Rfd1 Qe7
16.Bf1 Rfd8 17.Qb1  1/2-1/2

[Event "Bundesliga 2002-3"]
[Site "Hamburg GER"]
[Date "2003.01.11"]
[Round "8"]
[White "Nikolic,Pr"]
[Black "Dorfman,J"]
[Result "1/2-1/2"]
[WhiteElo "2638"]
[BlackElo "2610"]

1.d4 Nf6 2.Nf3 g6 3.g3 Bg7 4.Bg2 d5 5.O-O O-O 6.c4 c6 7.Nbd2 Bf5 8.b3 Ne4
9.Bb2 Qa5 10.e3 Nd7 11.Nxe4 Bxe4 12.Qe2 Rad8 13.Rfc1 Rfe8 14.Bc3 Qa6 15.Bf1 dxc4
16.bxc4  1/2-1/2

[Event "Edda Rapid"]
[Site "Reykjavic ISL"]
[Date "2003.03.04"]
[Round "4"]
[White "McShane,L"]
[Black "Nikolic,Pr"]
[Result "1-0"]
[WhiteElo "2568"]
[BlackElo "2638"]

1.e4 e5 2.Nf3 Nc6 3.Bb5 a6 4.Ba4 Nf6 5.O-O Be7 6.Re1 b5 7.Bb3 d6 8.c3 O-O
9.h3 Re8 10.d4 Bb7 11.Nbd2 Bf8 12.d5 Nb8 13.Nf1 Nbd7 14.N3h2 Nc5 15.Bc2 a5
16.Ng4 a4 17.Ng3 Nxg4 18.hxg4 g6 19.Be3 c6 20.g5 h5 21.gxh6 cxd5 22.exd5 Qh4
23.Qf3 Bxh6 24.Bxh6 Qxh6 25.Qf6 Qf4  1-0

[Event "Edda Rapid"]
[Site "Reykjavic ISL"]
[Date "2003.03.04"]
[Round "7"]
[White "Nikolic,Pr"]
[Black "Sokolov,I"]
[Result "1/2-1/2"]
[WhiteElo "2638"]
[BlackElo "2688"]

1.d4 d5 2.c4 c6 3.e3 Nf6 4.Nf3 Bg4 5.cxd5 Bxf3 6.gxf3 cxd5 7.Qb3 Qd7 8.Nc3 Nc6
9.Bd2 e6 10.Rc1 Bd6 11.Na4 O-O 12.Nc5 Bxc5 13.Rxc5 e5 14.dxe5 Nxe5 15.Qd1 b6
16.Rc1 d4 17.Rg1 Rad8 18.e4 Rfe8 19.Rg3 d3 20.Bg2 Ng6 21.Kf1 Qd6 22.Bg5 Nf4
23.Qd2 Ne2 24.Rd1 h6 25.Be3 Nxg3+ 26.hxg3 Qe7 27.Qc3 Qe5 28.Qb3 Qe6 29.Qa3 Qc4
30.Kg1 Qc2 31.Rd2 Qb1+ 32.Bf1 Rd7 33.Kg2 Red8 34.Qb3 Nh7 35.Rd1 Qc2 36.Rxd3 Qxb3
37.Rxb3 Rc7 38.e5 Nf8 39.f4 Ne6 40.f5 Ng5 41.Bd3 Rcd7 42.Bc2 Rc7 43.Bd3 Rcd7
44.Bc2 Rc7 45.Bd3 Rcd7 46.Bc2 Rc7  1/2-1/2

[Event "Edda Rapid"]
[Site "Reykjavic ISL"]
[Date "2003.03.05"]
[Round "8"]
[White "Ehlvest,J"]
[Black "Nikolic,Pr"]
[Result "1/2-1/2"]
[WhiteElo "2600"]
[BlackElo "2638"]

1.d4 Nf6 2.c4 e6 3.Nc3 Bb4 4.f3 d5 5.a3 Bxc3+ 6.bxc3 c5 7.cxd5 Nxd5 8.dxc5 Qa5
9.e4 Ne7 10.Be3 O-O 11.Qb3 Nd7 12.Nh3 Qc7 13.Nf2 Nxc5 14.Qc4 b6 15.Bxc5 bxc5
16.Nd3 Bb7 17.Qxc5 Rac8 18.Qxc7 Rxc7 19.Rc1 f5 20.exf5 Rxf5 21.Nb2 Nd5 22.c4 Nb6
23.Rc3 Rb5 24.Nd1 Rbc5 25.Ne3 Ba6 26.Kf2 Bxc4 27.Bxc4 Nxc4 28.Rhc1 Nb2 29.Rxc5 Nd3+
30.Kg3 Nxc1 31.Rxc1  1/2-1/2

[Event "Edda Rapid"]
[Site "Reykjavic ISL"]
[Date "2003.03.05"]
[Round "9"]
[White "Nikolic,Pr"]
[Black "Van Wely,L"]
[Result "1/2-1/2"]
[WhiteElo "2638"]
[BlackElo "2668"]

1.d4 Nf6 2.Nf3 g6 3.g3 Bg7 4.Bg2 d5 5.O-O O-O 6.c4 dxc4 7.Na3 c3 8.bxc3 c5
9.e3 Nc6 10.Qe2 Bf5 11.Nc4 Rc8 12.Ba3 Ne4 13.Rfc1 b5 14.Nce5 Nxe5 15.Nxe5 Bxe5
16.dxe5 Qa5 17.Bb2 Rfd8 18.Rc2 Qa4 19.Rac1 Ng5 20.e4 Bxe4 21.Bxe4 Qxe4 22.Qxe4 Nxe4
23.c4 b4 24.Kf1 Rd3 25.h4 Rcd8 26.Re1 Nd2+ 27.Kg2 Nf3 28.Re4 a5 29.Bc1 a4
30.Bh6 a3 31.h5 Nd4 32.Rc1 b3 33.axb3 Nxb3 34.Rc2 R8d4 35.Re1 gxh5 36.Rb1 Rd8
37.Ra2 Ra8 38.Rh1 f6 39.exf6 exf6 40.Rxh5 Rd4 41.Rf5 Kf7 42.Rf3 Kg6 43.Bf4 Nd2
44.Bxd2 Rxd2 45.Rxd2 a2 46.Rxa2 Rxa2 47.Rf4 Ra3 48.Rg4+ Kf7 49.Rh4 Kg6 50.Rg4+ Kf7
51.Rf4 Rc3 52.Kf1 Kg6 53.Ke2 Kg5 54.Re4 f5 55.Rf4 h5 56.Rh4 Ra3 57.Rh1 Rc3
58.Rh4 Ra3 59.Rh1 Rc3 60.Rh4  1/2-1/2

[Event "Bundesliga 2002-3"]
[Site "Plauen GER"]
[Date "2003.03.29"]
[Round "14"]
[White "Nikolic,Pr"]
[Black "Beliavsky,A"]
[Result "1/2-1/2"]
[WhiteElo "2638"]
[BlackElo "2649"]

1.d4 d5 2.c4 c6 3.Nc3 Nf6 4.cxd5 cxd5 5.Bf4 Nc6 6.e3 Bf5 7.Nf3 e6 8.Bb5 Nd7
9.O-O Be7 10.Bd3 Bxd3 11.Qxd3 O-O 12.Rfc1  1/2-1/2

[Event "Bundesliga 2002-3"]
[Site "Plauen GER"]
[Date "2003.03.30"]
[Round "15"]
[White "Casper,T"]
[Black "Nikolic,Pr"]
[Result "0-1"]
[WhiteElo "2391"]
[BlackElo "2638"]

1.e4 e5 2.Bc4 Nf6 3.d3 c6 4.Bb3 a5 5.c3 d5 6.Nf3 Bd6 7.Bg5 Be6 8.Nbd2 Nbd7
9.d4 exd4 10.Nxd4 Qc7 11.h3 O-O 12.O-O Bh2+ 13.Kh1 Bf4 14.Bxf6 Nxf6 15.exd5 Bxd5
16.Bxd5 Nxd5 17.Ne4 Rfe8 18.Re1 Be3 19.Qf3 Bxd4 20.cxd4 Rad8 21.Nc3 Re7 22.Rxe7 Qxe7
23.Nxd5 Rxd5 24.Qc3 h5 25.Kg1 Qd8 26.Qb3 Qd7 27.Qa3 b6 28.Qf3 h4 29.Rc1 Qd6
30.Qe4 Qd8 31.Rxc6 Rxd4 32.Qf5 Rd7 33.Qf4 g6 34.Rc4 Rd1+ 35.Kh2 Rd2 36.Rc7 Rxf2
37.Qc4 Qf6 38.Rc8+ Kg7  0-1

[Event "National I"]
[Site "Clermont-Ferrand FRA"]
[Date "2003.05.10"]
[Round "10"]
[White "Nikolic,Pr"]
[Black "Grischuk,A"]
[Result "1/2-1/2"]
[WhiteElo "2643"]
[BlackElo "2701"]

1.d4 d5 2.c4 e6 3.Nf3 c5 4.cxd5 exd5 5.g3 Nf6 6.Bg2 Be7 7.O-O O-O 8.dxc5 Bxc5
9.Nc3 Nc6 10.Bg5 d4 11.Ne4 Be7 12.Bxf6 Bxf6 13.Rc1 Re8 14.Ne1 Bf5 15.Nc5 Qb6
16.Ned3 Rac8 17.a3 Bg5 18.Rc4 Qb5 19.b3 Be7 20.Qc1 Na5 21.Rb4 Bxd3 22.Rxb5 Bxb5
23.b4 Bxc5 24.Bh3 Rc7 25.Qf4 Rce7 26.bxc5 Nc6 27.Bg2 Bxe2 28.Bxc6 bxc6 29.Qxd4 Bxf1
30.Kxf1 g6 31.Qd6 Re6 32.Qc7 R8e7 33.Qd8+ Re8 34.Qc7 R8e7 35.Qd8+ Kg7 36.Qd4+ Kg8  1/2-1/2

[Event "4th IECC"]
[Site "Istanbul TUR"]
[Date "2003.05.30"]
[Round "1"]
[White "Halkias,S"]
[Black "Nikolic,Pr"]
[Result "1-0"]
[WhiteElo "2542"]
[BlackElo "2643"]

1.Nf3 f5 2.d3 d6 3.g3 Nf6 4.Bg2 e5 5.O-O c6 6.c4 Be6 7.Nc3 Nbd7 8.b4 h6 9.Nh4 g5
10.Ng6 Rh7 11.Nxf8 Nxf8 12.a4 Rc8 13.a5 d5 14.b5 cxb5 15.Nxb5 a6 16.Na3 Qxa5
17.cxd5 Bxd5 18.e4 fxe4 19.Bb2 exd3 20.Nc4 Qb4 21.Ra4 Qc5 22.Bxd5 Nxd5 23.Ba3 Qc6
24.Nd6+ Kd8 25.Rc4 Qxc4 26.Nxc4 Rxc4 27.Qxd3 Rd4 28.Qf5  1-0

[Event "4th IECC"]
[Site "Istanbul TUR"]
[Date "2003.05.31"]
[Round "2"]
[White "Nikolic,Pr"]
[Black "Vokarev,S"]
[Result "1-0"]
[WhiteElo "2643"]
[BlackElo "2498"]

1.d4 Nf6 2.Nf3 g6 3.g3 Bg7 4.Bg2 d5 5.O-O O-O 6.Nbd2 Ne4 7.c3 f5 8.Nxe4 fxe4
9.Ng5 c6 10.f3 exf3 11.Rxf3 Rf6 12.Qb3 h6 13.Nh3 Qb6 14.Nf2 Rxf3 15.Bxf3 Qxb3
16.axb3 Be6 17.e4 dxe4 18.Bxe4 g5 19.b4 Bc4 20.Ng4 Nd7 21.Ne3 Be2 22.Kf2 Bb5
23.c4 Ba6 24.Bxc6 bxc6 25.Rxa6 Nb8 26.Ra3 Bxd4 27.Ke2 Bf6 28.Ng4 Bg7 29.b3 Nd7
30.Ra6 Nb8 31.Ra5 Nd7 32.Be3 a6 33.b5 cxb5 34.cxb5 Nb8 35.Nf2 Bc3 36.Ra4 Be5
37.Nd3 Bd6 38.Nb2 a5 39.Nc4 Bb4 40.Nb6 Ra7 41.Nd5 Rb7 42.Nxb4 axb4 43.b6 Nc6
44.Ra7 Rb8 45.Rc7 Na5 46.Rxe7 Nxb3 47.Ra7  1-0

[Event "4th IECC"]
[Site "Istanbul TUR"]
[Date "2003.06.05"]
[Round "6"]
[White "Nikolic,Pr"]
[Black "Stevic,H"]
[Result "1-0"]
[WhiteElo "2643"]
[BlackElo "2550"]

1.d4 Nf6 2.Nf3 g6 3.g3 Bg7 4.Bg2 O-O 5.O-O d6 6.c4 Nbd7 7.Nc3 e5 8.e4 a6
9.dxe5 dxe5 10.Qc2 c6 11.h3 Qe7 12.Be3 b5 13.Rfd1 Bb7 14.Nd2 Rfc8 15.a3 a5
16.Rac1 Ba6 17.Bf1 Qe6 18.cxb5 cxb5 19.Qb3 Qxb3 20.Nxb3 b4 21.axb4 Bxf1 22.Kxf1 axb4
23.Nd5 Rxc1 24.Bxc1 Nxd5 25.Rxd5 Ra7 26.Be3 Rc7 27.Nc5 Nxc5 28.Rxc5 Rxc5
29.Bxc5 b3 30.Ke2 f5 31.f3 h5 32.Kd3 Kf7 33.Kc4 Bh6 34.Kxb3 Bd2 35.Kc4 Be1
36.g4 Kf6 37.gxf5 gxf5 38.Be3  1-0

[Event "4th IECC"]
[Site "Istanbul TUR"]
[Date "2003.06.06"]
[Round "7"]
[White "Ivanisevic,I"]
[Black "Nikolic,Pr"]
[Result "0-1"]
[WhiteElo "2569"]
[BlackElo "2643"]

1.d4 d5 2.c4 c6 3.Nc3 dxc4 4.e4 b5 5.a4 b4 6.Na2 Nf6 7.e5 Nd5 8.Bxc4 e6 9.Nf3 Be7
10.Bd2 a5 11.Nc1 Nd7 12.Qc2 Bb7 13.Nb3 Rc8 14.Qe4 c5 15.Qg4 Kf8 16.O-O h5
17.Qg3 h4 18.Qg4 h3 19.g3 cxd4 20.Bd3 Qb6 21.Rfc1 Nc5 22.Nxc5 Bxc5 23.Ng5 Rc7
24.Ne4 Be7 25.Bg5 Rxc1+ 26.Rxc1 f5 27.exf6 gxf6 28.Bh4 Rh6 29.Bb5 d3 30.Bd7 Ne3
31.Qf4 Nf5 32.Bxf6 Bxf6 33.g4 Bxe4 34.Qxe4 Qd4 35.Qa8+ Kg7 36.gxf5 d2  0-1

[Event "4th IECC"]
[Site "Istanbul TUR"]
[Date "2003.06.07"]
[Round "8"]
[White "Nikolic,Pr"]
[Black "Pavasovic,D"]
[Result "1/2-1/2"]
[WhiteElo "2643"]
[BlackElo "2584"]

1.d4 d5 2.c4 e6 3.Nf3 c6 4.Nbd2 Nf6 5.g3 c5 6.Bg2 Nc6 7.cxd5 exd5 8.O-O Bf5
9.dxc5 Bxc5 10.Nb3 Bb6 11.Nfd4 Be4 12.f3 Bg6 13.Be3 O-O 14.Bf2 Re8 15.Nxc6 bxc6
16.Rc1 Qd6 17.Qd2 Rab8 18.Rc3 d4 19.Bxd4 Bxd4+ 20.Qxd4 Qxd4+ 21.Nxd4 Rxb2
22.e4 Rxa2 23.Nxc6 h6 24.Rd1 Kh7 25.Bf1 Rc8 26.Rdc1 Nd7 27.Bc4 Rd2 28.Nxa7 Rb8
29.Bf1 Rbb2 30.h3 f5 31.exf5 Bxf5 32.Nc6 Nf6 33.Ne5 Ra2 34.Rc5 Bg6 35.R5c3 Bf5
36.Re1 Nh5 37.f4 Nf6 38.Nf3 Rf2 39.Nh4 Be4 40.Rc7 Rh2 41.Rxe4 Nxe4 42.Bd3 Rhe2
43.Bxe2 Rxe2 44.Nf5 Kg6 45.g4 Nf2 46.Kf1 Ra2 47.Rxg7+ Kf6 48.Rh7 Nd3 49.Rxh6+ Kf7
50.g5 Ra1+ 51.Ke2 Nxf4+ 52.Kf3 Rf1+ 53.Kg4 Nd5 54.Ng3 Rf4+ 55.Kh5 Rf3 56.Rh7+ Kg8
57.Rd7 Nf4+  1/2-1/2

[Event "4th IECC"]
[Site "Istanbul TUR"]
[Date "2003.06.08"]
[Round "9"]
[White "Rozentalis,E"]
[Black "Nikolic,Pr"]
[Result "1/2-1/2"]
[WhiteElo "2586"]
[BlackElo "2643"]

1.e4 e5 2.Nf3 Nc6 3.Nc3 Nf6 4.g3 d5 5.exd5 Nxd5 6.Bg2 Nxc3 7.bxc3 Be7 8.O-O O-O
9.d4 Bf6 10.d5 Na5 11.Nd2 Re8 12.Rb1 b6 13.Ne4 Bf5 14.Qh5 Bg6 15.Qe2 Nb7
16.Nxf6+ Qxf6 17.c4 Qf5 18.Rb2 Rad8 19.Re1  1/2-1/2

[Event "4th IECC"]
[Site "Istanbul TUR"]
[Date "2003.06.10"]
[Round "10"]
[White "Nikolic,Pr"]
[Black "McShane,L"]
[Result "1/2-1/2"]
[WhiteElo "2643"]
[BlackElo "2592"]

1.d4 Nf6 2.Nf3 g6 3.g3 Bg7 4.Bg2 O-O 5.O-O d6 6.c4 Nc6 7.Nc3 Rb8 8.b3 a6
9.Bb2 b5 10.cxb5 axb5 11.Rc1 b4 12.Na4 Na7 13.Nd2 Bd7 14.Nc4 Bb5 15.Re1 e6
16.e4 Nc8 17.Qd2 Nxe4 18.Bxe4 d5 19.Bd3 dxc4 20.Bxc4 Bxa4 21.bxa4 c5 22.Red1 Nb6
23.Bb5 cxd4 24.Bxd4 Bxd4 25.Qxd4 Nd5 26.a3 bxa3 27.Rd3 Qa5 28.Rb3 Nc7 29.Qb4 Qxb4
30.Rxb4 Rb7 31.Ra1 Ra8 32.h4 Ra5 33.Rb3 Nxb5 34.axb5 Rbxb5 35.Rxb5 Rxb5 36.Rxa3 Kg7
37.Ra7 h6 38.Kg2 Rb3 39.Ra5 Kf6 40.g4 Rd3 41.f3 Ke7 42.Kg3 Rd5 43.Ra7+ Rd7
44.Ra5 Kf6 45.g5+ Kg7 46.Ra8 Rd5 47.Kg4 Rd1 48.Kg3 Rg1+ 49.Kh2 Rb1 50.Kg3 Rb7
51.Re8 Rb5 52.Kg4 h5+ 53.Kg3 Rf5 54.Ra8 e5 55.Re8 Kh7 56.Kg2 Kg7  1/2-1/2

[Event "4th IECC"]
[Site "Istanbul TUR"]
[Date "2003.06.11"]
[Round "11"]
[White "Mchedlishvili,M"]
[Black "Nikolic,Pr"]
[Result "1/2-1/2"]
[WhiteElo "2560"]
[BlackElo "2643"]

1.c4 e5 2.Nc3 Nc6 3.g3 g6 4.Bg2 Bg7 5.d3 f5 6.Rb1 a5 7.e3 Nf6 8.Nge2 O-O
9.a3 Ne7 10.b4 axb4 11.axb4 c6 12.b5 d5 13.bxc6 bxc6 14.cxd5 cxd5 15.Qb3 Ra7
16.Ba3 Rb7 17.Qa2 Rxb1+ 18.Qxb1 Rf7 19.O-O Ba6 20.Rc1 Bf8 21.Bc5 Nc8 22.Bxf8 Kxf8
23.Na4 Nd6 24.Nc5 Bc8 25.Qb2 Re7 26.Nc3 Kg7 27.Qb8 e4 28.dxe4 dxe4  1/2-1/2

[Event "4th IECC"]
[Site "Istanbul TUR"]
[Date "2003.06.12"]
[Round "12"]
[White "Nikolic,Pr"]
[Black "Luther,T"]
[Result "1-0"]
[WhiteElo "2643"]
[BlackElo "2571"]

1.d4 d5 2.c4 c6 3.Nf3 e6 4.Nc3 Nf6 5.Bg5 Nbd7 6.e3 Qa5 7.Nd2 Bb4 8.Qc2 c5
9.Nb3 Qa4 10.Bxf6 Nxf6 11.dxc5 O-O 12.Bd3 dxc4 13.Bxc4 b5 14.Be2 Ne4 15.Bd3 Bb7
16.f3 Nxc5 17.Bxh7+ Kh8 18.O-O Qa6 19.Qf2 Nxb3 20.Qh4 Be7 21.Qh3 Bg5 22.axb3 Qb6
23.Be4+ Bh6 24.Bxb7 Qxb7 25.g4 f6 26.f4 Kg8 27.Qf3 Qxf3 28.Rxf3 a6 29.Rff1  1-0

[Event "TCh-NED Playoff"]
[Site "Enschede NED"]
[Date "2003.06.21"]
[Round "1"]
[White "Nikolic,Pr"]
[Black "Feygin,M"]
[Result "1-0"]
[WhiteElo "2643"]
[BlackElo "2495"]

1.d4 e6 2.c4 Nf6 3.Nf3 b6 4.g3 c5 5.Bg2 Bb7 6.d5 exd5 7.Nh4 b5 8.cxb5 a6
9.bxa6 Nxa6 10.O-O Bc6 11.Nc3 d4 12.Bxc6 dxc6 13.Na4 Be7 14.Nf5 O-O 15.e3 d3
16.b3 Re8 17.Nxe7+ Rxe7 18.Bb2 Ne4 19.f3 Ng5 20.Qd2 Qd6 21.e4 Ne6 22.Nb6 Rd8
23.Nc4 Qd7 24.Rad1 Nb4 25.Kh1 f6 26.Bc3 Qb7 27.Qf2 Qa8 28.Rd2 Nc2 29.e5 Qxa2
30.exf6 Rf7 31.Na5 Qa3 32.Nxc6 Rd6 33.Ne7+ Rxe7 34.fxe7 Kf7 35.Rxc2 dxc2
36.Qxc2 Qa6 37.Re1 Kxe7 38.Qxh7 Kf7 39.Be5 Rb6 40.Qf5+ Kg8 41.Bc3 Rxb3 42.Kg2 Qa2+
43.Kh3 Rxc3 44.Rxe6 Qa8 45.f4 Qc8 46.Qe5 Rf3 47.Kg2  1-0

[Event "TCh-NED Playoff"]
[Site "Enschede NED"]
[Date "2003.06.22"]
[Round "2"]
[White "Nikolic,Pr"]
[Black "Sokolov,I"]
[Result "0-1"]
[WhiteElo "2643"]
[BlackElo "2677"]

1.d4 d5 2.c4 c6 3.Nc3 Nf6 4.Nf3 dxc4 5.a4 Bf5 6.e3 e6 7.Bxc4 Bb4 8.O-O Nbd7
9.Qb3 a5 10.Na2 Be7 11.Nh4 Be4 12.Nc3 Bd5 13.Bxd5 Nxd5 14.Nf3 Qb6 15.Qxb6 N7xb6
16.e4 Nb4 17.Rd1 O-O 18.Bf4 Rac8 19.b3 f5 20.Bg5 Bd6 21.Rac1 h6 22.Be3 Bc7
23.Ne1 Nd7 24.d5 exd5 25.exd5 f4 26.Ba7 c5 27.Nb5 b6 28.Nf3 Rf5 29.d6 Bd8
30.Nfd4 Re5 31.g3 fxg3 32.hxg3 Ra8 33.f4 Re4 34.Nf5 Nc6 35.Ne7+ Bxe7 36.dxe7 Rxe7
37.Bxb6 Nxb6 38.Rxc5 Rd8 39.Rxd8+ Nxd8 40.Nd4 Rd7 41.Nf5 Nb7 42.Rb5 Nc8 43.Kg2 Ne7
44.Nxe7+ Rxe7 45.Kf3 Rc7 46.Ke3 Nd6 47.Rd5 Rc3+ 48.Kd4 Rxg3 49.Rxd6 Rxb3
50.f5 h5 51.Ke5 h4 52.f6 gxf6+ 53.Kxf6 Rb4 54.Ra6 Rxa4 55.Kg6 Kf8 56.Kf6 Ke8
57.Ke6 Kd8 58.Kd6 Rd4+ 59.Kc5 Rg4 60.Ra7 h3 61.Rh7 Rg3 62.Kb5 Ra3  0-1

[Event "Greenland Open"]
[Site "Qaqortoq GRL"]
[Date "2003.06.28"]
[Round "3"]
[White "Nikolic,Pr"]
[Black "De Firmian,N"]
[Result "1-0"]
[WhiteElo "2643"]
[BlackElo "2536"]

1.d4 Nf6 2.c4 e6 3.Nf3 c5 4.d5 exd5 5.cxd5 d6 6.Nc3 g6 7.g3 Bg7 8.Bg2 O-O
9.O-O Nbd7 10.Bf4 Qe7 11.h3 a6 12.a4 Nh5 13.Bg5 f6 14.Bd2 f5 15.Ng5 f4 16.gxf4 Nxf4
17.Bxf4 Rxf4 18.Ne6 Rb4 19.Qc2 Nf6 20.Rfd1 Bxe6 21.dxe6 Qxe6 22.Rd3 Rd8 23.Rad1 Ne8
24.Qd2 Kh8 25.a5 Be5 26.b3 Nc7 27.Ne4 Rd4 28.e3 Rxe4 29.Bxe4 Qxh3 30.f4 Bf6
31.Bxb7 d5 32.Qe2 Qe6 33.Qf3 g5 34.Bxd5 Nxd5 35.Rxd5 Rxd5 36.Rd4 gxf4 37.Rxd5  1-0

[Event "Greenland Open"]
[Site "Qaqortoq GRL"]
[Date "2003.06.29"]
[Round "5"]
[White "Nikolic,Pr"]
[Black "Sokolov,I"]
[Result "1/2-1/2"]
[WhiteElo "2643"]
[BlackElo "2677"]

1.d4 d5 2.c4 c6 3.Nf3 Nf6 4.Nc3 dxc4 5.a4 Bf5 6.e3 e6 7.Bxc4 Bb4 8.O-O Nbd7
9.Qb3 a5 10.Na2 Be7 11.Qxb7  1/2-1/2